| 000 | 01036cam a2200253 i 4500 | ||
|---|---|---|---|
| 003 | SA-RiAUC | ||
| 005 | 20241021132705.0 | ||
| 008 | 241021s1986 qa g 000r0bara c | ||
| 040 |
_aSA-RiAUC _bara _cSA-RiAUC _erda |
||
| 082 | 0 | 4 | _a239 |
| 090 |
_a239 _b ا ب و ز |
||
| 100 | 1 |
_aأبو زهرة، محمد، _d1898-1974 _eمؤلف. |
|
| 245 | 1 | 0 |
_aخاتم النبيين صلى الله عليه وسلم / _cمحمد أبو زهرة. |
| 264 | 1 |
_aالدوحة : _bإدارة إحياء التراث الإسلامي، _c1986 |
|
| 300 |
_a2 مجلد ؛ _c26 سم |
||
| 336 |
_aنص _btxt _2rdacontent _3كتاب |
||
| 337 |
_aبدون وسيط _bn _2rdamedia |
||
| 338 |
_aمجلد _bnc _2rdacarrier |
||
| 505 | 0 | _aالمحتويات : مجلد 1. العهد المكي- مجلد 2. العهد المدني. | |
| 600 | 0 | 7 |
_aمحمد (صلى الله عليه وسلم)، _d53 قبل الهجرة-11 هجري _2aucnm |
| 650 | 7 |
_aالسيرة النبوية _2aucsh |
|
| 942 |
_2ddc _cBOOK _n0 |
||
| 949 |
_aSA-JeALM _d241021 _ueid123 _n1 |
||
| 999 |
_c1553 _d1553 |
||